书目信息 |
| 题名: |
对外汉语教学法研究
|
|
| 作者: | 蒋可心 著 | |
| 分册: | ||
| 出版信息: | 哈尔滨 黑龙江教育出版社 2001 |
|
| 页数: | 258页 | |
| 开本: | 20cm | |
| 丛书名: | 语言研究新思维丛书 | |
| 单 册: | ||
| 中图分类: | H195.3 | |
| 科图分类: | ||
| 主题词: | 对外汉语教学--教学法--研究 , CT--S017417--对外汉语教学 , CT--S038762--教学法 | |
| 电子资源: | ||
| ISBN: | 7-5316-3794-4 | |
| 000 | 00852oam2 2200265 45 | |
| 001 | 012002057562 | |
| 005 | 20070727163445.14 | |
| 010 | @a7-5316-3794-4@dCNY13.00 | |
| 100 | @a20020716d2001 emky0chiy0110 ea | |
| 101 | 0 | @achi |
| 102 | @aCN@b230000 | |
| 105 | @ay z 000yy | |
| 200 | 1 | @a对外汉语教学法研究@Adui wai han yu jiao xue fa yan jiu@f蒋可心著 |
| 210 | @a哈尔滨@c黑龙江教育出版社@d2001 | |
| 215 | @a258页@d20cm | |
| 225 | 2 | @a语言研究新思维丛书 |
| 330 | @a本书包括国外外语教学法的主要流派、对外汉语的课堂教学分析、对外汉语的课堂教学方法等方面的内容。 | |
| 461 | 0 | @12001 @a语言研究新思维丛书 |
| 606 | 0 | @a对外汉语教学@x教学法@x研究 |
| 606 | 0 | @2CT@3S017417@a对外汉语教学 |
| 606 | 0 | @2CT@3S038762@a教学法 |
| 690 | @aH195.3@v4 | |
| 701 | 0 | @a蒋可心@Ajiang ke xin@4著 |
| 801 | 0 | @aCN@bNLC@c20070727 |
| 905 | @a10447@dH195.3@e278 | |
| 对外汉语教学法研究/蒋可心著.-哈尔滨:黑龙江教育出版社,2001 |
| 258页;20cm.-(语言研究新思维丛书) |
| ISBN 7-5316-3794-4:CNY13.00 |
| 本书包括国外外语教学法的主要流派、对外汉语的课堂教学分析、对外汉语的课堂教学方法等方面的内容。 |
| ● |
| 相关链接 |
|
|
|
|
正题名:对外汉语教学法研究
索取号:H195.3/278
 
预约/预借
| 序号 | 登录号 | 条形码 | 馆藏地/架位号 | 状态 | 备注 |
| 1 | 0784717 | 207847179 | 第二样本阅览室/ [索取号:H195.3/278] | 在馆 | |
| 2 | 0784718 | 207847188 | 第四借阅区/ [索取号:H195.3/278] | 在馆 | |
| 3 | 0784719 | 207847197 | 第四借阅区/ [索取号:H195.3/278] | 在馆 | |
| 4 | 0784720 | 207847204 | 第四借阅区/ [索取号:H195.3/278] | 在馆 | |
| 5 | 0784721 | 207847213 | 第四借阅区/ [索取号:H195.3/278] | 在馆 | |
| 6 | 0784722 | 207847222 | 第四借阅区/ [索取号:H195.3/278] | 在馆 | |
| 7 | 0784723 | 207847231 | 第四借阅区/ [索取号:H195.3/278] | 在馆 | |
| 8 | 0785017 | 207850173 | 第四借阅区/ [索取号:H195.3/278] | 在馆 |